Stochastic approximation / (Record no. 51629)
[ view plain ]
| 000 -LEADER | |
|---|---|
| fixed length control field | 01112cam a2200325 a 4500 |
| 001 - CONTROL NUMBER | |
| control field | 51629 |
| 003 - CONTROL NUMBER IDENTIFIER | |
| rucl marc code | BD-RjUL |
| 005 - DATE AND TIME OF LATEST TRANSACTION | |
| control field | 20211209075706.0 |
| 008 - FIXED-LENGTH DATA ELEMENTS--GENERAL INFORMATION | |
| fixed length control field | 160831s1969 enk b 001 0 eng d |
| 020 ## - INTERNATIONAL STANDARD BOOK NUMBER | |
| International Standard Book Number | 0521073685 |
| 035 ## - SYSTEM CONTROL NUMBER | |
| System control number | (OCoLC)22548 |
| System control number | BD-RjUL51749 |
| 040 ## - CATALOGING SOURCE | |
| Original cataloging agency | LC |
| Language of cataloging | eng |
| Transcribing agency | LC |
| Modifying agency | NU |
| -- | ANL |
| 041 ## - LANGUAGE CODE | |
| Language code of text/sound track or separate title | eng |
| 082 00 - DEWEY DECIMAL CLASSIFICATION NUMBER | |
| Classification number | 519.1 |
| Author mark and year | WAS 1969 |
| 100 1# - MAIN ENTRY--PERSONAL NAME | |
| Personal name | Wasan, M. T. |
| 9 (RLIN) | 154325 |
| 245 10 - TITLE STATEMENT | |
| Title | Stochastic approximation / |
| Statement of responsibility, etc. | by M. T. Wasan. |
| 260 ## - PUBLICATION, DISTRIBUTION, ETC. (IMPRINT) | |
| Place of publication, distribution, etc. | London : |
| Name of publisher, distributor, etc. | Cambridge U.P., |
| Date of publication, distribution, etc. | 1969. |
| 300 ## - PHYSICAL DESCRIPTION | |
| Pagination | x, 202 p. ; |
| Size | 23 cm. |
| 490 1# - SERIES STATEMENT | |
| Series statement | Cambridge tracts in mathematics and mathematical physics ; |
| Volume/sequential designation | no. 58. |
| 504 ## - BIBLIOGRAPHY, ETC. NOTE | |
| Bibliography, etc | Bibliography: p. 195-199. |
| 650 #0 - SUBJECT ADDED ENTRY--TOPICAL TERM | |
| Topical term or geographic name as entry element | Stochastic approximation. |
| 9 (RLIN) | 154326 |
| Topical term or geographic name as entry element | Approximation theory. |
| 9 (RLIN) | 153079 |
| 830 #0 - SERIES ADDED ENTRY--UNIFORM TITLE | |
| Uniform title | Cambridge tracts in mathematics and mathematical physics ; |
| Volume number/sequential designation | no. 58. |
| 856 42 - ELECTRONIC LOCATION AND ACCESS | |
| Materials specified | Publisher description |
| Uniform Resource Identifier | <a href="http://www.loc.gov/catdir/description/cam041/69011150.html">http://www.loc.gov/catdir/description/cam041/69011150.html</a> |
| Materials specified | Table of contents |
| Uniform Resource Identifier | <a href="http://www.loc.gov/catdir/toc/cam051/69011150.html">http://www.loc.gov/catdir/toc/cam051/69011150.html</a> |
| 942 ## - ADDED ENTRY ELEMENTS (KOHA) | |
| Source of classification or shelving scheme | Dewey Decimal Classification |
| Koha item type | Books |
| Lost status | Source of classification or shelving scheme | Damaged status | Not for loan | Collection code | Permanent Location | Current Location | Shelving location | Date acquired | Source of acquisition | Cost, normal purchase price | Total Checkouts | Full call number | Date last seen | Copy number | Koha item type |
|---|---|---|---|---|---|---|---|---|---|---|---|---|---|---|---|
| Dewey Decimal Classification | Non-fiction | Central Library, University of Rajshahi | Central Library, University of Rajshahi | 30/08/1973 | National Book Agency | 85.75 | 519.1 WAS 1969 | 31/08/2016 | C-2 | Books | |||||
| Dewey Decimal Classification | Non-fiction | Central Library, University of Rajshahi | Central Library, University of Rajshahi | 30/08/1973 | National Book Agency | 85.75 | 519.1 WAS 1969 | 31/08/2016 | C-3 | Books |